| 000 | 00545cam a2200217 4500 | ||
|---|---|---|---|
| 008 | 090401t1988 xxu||||| |||| 00| 0 eng d | ||
| 020 | _a0632020792 | ||
| 035 | _a(Sirsi) u36179 | ||
| 041 | _aeng | ||
| 050 | _a692.8 | ||
| 100 | _aPowell-Smith, Vincent | ||
| 245 | _aBuilding contract claims | ||
| 250 | _a2nd ed. | ||
| 260 |
_aOxford _bBSP Professional Books _c1988 |
||
| 300 | _a372p. ; 24cm. | ||
| 350 | _a27.5 | ||
| 650 | _aBUILT ENVIRONMENT-BUILDING CONTRACT FORMS | ||
| 700 | _aSims, John | ||
| 942 | _n0 | ||
| 948 | _c04/03/1997 | ||
| 999 |
_c90202 _d90202 |
||